No Outlines - Countries of the Americas Map Quiz - Statistics

General Stats
  • This quiz has been taken 2,900 times
  • The average score is 19 of 36
Answers on the Map
Answers color-coded by a green-red scale on the quiz's map according to % correct below.
 
Answer Stats
Answer % Correct
Canada
74%
United States
68%
Argentina
66%
Brazil
66%
Chile
63%
Mexico
63%
Bahamas
60%
Cuba
60%
Bolivia
59%
Colombia
59%
Peru
58%
Uruguay
58%
Panama
57%
Paraguay
57%
Ecuador
56%
Haiti
56%
Jamaica
56%
Venezuela
56%
Dominican Republic
55%
Belize
54%
Costa Rica
54%
El Salvador
52%
Guyana
52%
Suriname
52%
Guatemala
51%
Nicaragua
51%
France
50%
Honduras
50%
Trinidad
and Tobago
49%
Barbados
37%
Antigua and
Barbuda
34%
Grenada
30%
Dominica
29%
Saint Lucia
27%
Saint Kitts
and Nevis
25%
Saint Vincent and
the Grenadines
21%
No matching quizzes found
Score Distribution
Percent of People with Each Score
Percentile by Number Answered
Your Score History
You have not taken this quiz